000 01117nam a2200265 i 4500
999 _c4302
_d4302
003 OSt
005 20220322075905.0
008 791023s1978 flua b 101 0 eng
020 _a0815122721
040 _cALUPE UNIVERSITY COLLEGE
050 0 0 _aRD598
_b.G7 1978
245 0 0 _aGraft materials in vascular surgery /
_ceditor, Herbert Dardik.
260 _aMiami :
_bSymposia Specialists ;
_aChicago :
_bdistributed by Year Book Medical Publishers,
_cc1978.
300 _axiv, 425 p. :
_bill. ;
_c24 cm.
500 _aPapers originally presented at a symposium sponsored by the Vascular Surgical Service of the Englewood Hospital and the New Jersey College of Medicine.
504 _aIncludes bibliographical references and index.
650 0 _aVascular grafts
_xCongresses.
650 0 _aBlood-vessel prosthesis
_xCongresses.
650 0 _aBlood-vessels
_xSurgery
_xCongresses.
700 1 _aDardik, Herbert.
710 2 _aEnglewood Hospital.
_bVascular Surgical Service.
710 2 _aCollege of Medicine and Dentistry of New Jersey.
906 _a7
_bcbc
_corignew
_d2
_eocip
_f19
_gy-gencatlg
942 _2lcc
_cBK
_nPW